000 00314nam a2200097Ia 4500
082 _a790.18 SAAY
245 0 _aAn introduction to sports tourism and event management
100 _a Saayman, M. [Matieland, South Africa?], [c.2012] 1st ed
_947621
942 _cBK
008 210817s9999 xx 000 0 und d
999 _c155553
_d155552